| 000 | 00406nam a22001217a 4500 | ||
|---|---|---|---|
| 008 | 241213b |||||||| |||| 00| 0 eng d | ||
| 020 | _a9788186423684 | ||
| 100 | _aRaghunathan, Harriet. | ||
| 245 |
_aJohnson, Gray, Goldsmith: _bpoets of the mid-eighteenth century /edited by Harriet Raghunathan |
||
| 260 |
_aNew Delhi : _bWorldview Publications, _c2016. |
||
| 300 |
_axi, p. 311; _c21.6 Cm. |
||
| 942 | _2ddc | ||
| 999 |
_c10115 _d10116 |
||